| Поле | Инд. | ПП | Название | Значение |
|---|---|---|---|---|
| Тип записи | a | |||
| Библиографический уровень | b | |||
| 001 | Контрольный номер | RU/IS/BASE/308920234 | ||
| 005 | Дата корректировки | 20200630193253.5 | ||
| 008 | Кодируемые данные | 20091015 | ||
| 040 | b | Код языка каталог. | rus | |
| e | Правила каталог. | PSBO | ||
| 041 | 0_ | a | Код языка текста | rus |
| 084 | a | Индекс другой классификации/Индекс ББК | 81.006.2; 60.562.5; 81.21(2Рос)6; 66.4(2Рос),4 | |
| 100 | 1_ | a | Автор | Синцов Е. В. |
| q | Полное имя | Синцов Евгений Васильевич | ||
| 100 | 1_ | a | Автор | Януш О. Б. |
| q | Полное имя | Януш Ольга Борисовна | ||
| 245 | 10 | a | Заглавие | Год русского языка: политические эффекты и смыслы |
| 504 | a | Библиография | Библиогр.: с. 71 | |
| 520 | 0_ | a | Аннотация | В данной статье рассматривается внешняя политика России с точки зрения языка. Авторы уделяют особое внимание Году русского языка, который был объявлен в 2007 г. |
| 650 | 04 | a | Основная рубрика | внешняя политика |
| a | Основная рубрика | политика | ||
| a | Основная рубрика | русский язык | ||
| a | Основная рубрика | социолингвистика | ||
| a | Основная рубрика | социология | ||
| a | Основная рубрика | филологические науки | ||
| a | Основная рубрика | частное языкознание | ||
| a | Основная рубрика | языковая политика | ||
| a | Основная рубрика | языкознание | ||
| 653 | 0_ | a | Ключевые слова | геополитика |
| a | Ключевые слова | геополитические факторы | ||
| a | Ключевые слова | глоттополитика | ||
| a | Ключевые слова | международное культурное сотрудничество | ||
| a | Ключевые слова | международное сотрудничество | ||
| a | Ключевые слова | страны СНГ | ||
| 773 | 08 | t | Заглавие источника | Вестник Московского университета. Серия 18, Социология и политология |
| d | Дата издания источника | 2009 | ||
| g | Прочая информация | № 1. - С. 65 - 71 | ||
| w | Контрольный № источника | RU/IS/BASE/299591355 | ||
| 901 | t | Тип документа | b |